<?xml version="1.0" encoding="UTF-8"?><?xml-stylesheet type="text/xsl" href="static/style.xsl"?><OAI-PMH xmlns="http://www.openarchives.org/OAI/2.0/" xmlns:xsi="http://www.w3.org/2001/XMLSchema-instance" xsi:schemaLocation="http://www.openarchives.org/OAI/2.0/ http://www.openarchives.org/OAI/2.0/OAI-PMH.xsd"><responseDate>2026-06-01T06:20:12Z</responseDate><request verb="GetRecord" identifier="oai:riuma.uma.es:10630/37559" metadataPrefix="marc">https://riuma.uma.es/rest/oai/request</request><GetRecord><record><header><identifier>oai:riuma.uma.es:10630/37559</identifier><datestamp>2026-02-03T12:32:53Z</datestamp><setSpec>com_10630_2254</setSpec><setSpec>col_10630_37959</setSpec></header><metadata><record xmlns="http://www.loc.gov/MARC21/slim" xmlns:dcterms="http://purl.org/dc/terms/" xmlns:doc="http://www.lyncode.com/xoai" xmlns:xsi="http://www.w3.org/2001/XMLSchema-instance" xsi:schemaLocation="http://www.loc.gov/MARC21/slim http://www.loc.gov/standards/marcxml/schema/MARC21slim.xsd">
   <leader>00925njm 22002777a 4500</leader>
   <datafield ind2=" " ind1=" " tag="042">
      <subfield code="a">dc</subfield>
   </datafield>
   <datafield ind2=" " ind1=" " tag="720">
      <subfield code="a">Muñoz-Garach, Araceli</subfield>
      <subfield code="e">author</subfield>
   </datafield>
   <datafield ind2=" " ind1=" " tag="720">
      <subfield code="a">Clemente-Postigo, María Mercedes</subfield>
      <subfield code="e">author</subfield>
   </datafield>
   <datafield ind2=" " ind1=" " tag="720">
      <subfield code="a">Garrido López, Lourdes</subfield>
      <subfield code="e">author</subfield>
   </datafield>
   <datafield ind2=" " ind1=" " tag="720">
      <subfield code="a">Bernal-López, Rosa</subfield>
      <subfield code="e">author</subfield>
   </datafield>
   <datafield ind2=" " ind1=" " tag="720">
      <subfield code="a">Moreno-Santos, Inmaculada</subfield>
      <subfield code="e">author</subfield>
   </datafield>
   <datafield ind2=" " ind1=" " tag="720">
      <subfield code="a">Castellano-Castillo, Daniel</subfield>
      <subfield code="e">author</subfield>
   </datafield>
   <datafield ind2=" " ind1=" " tag="720">
      <subfield code="a">Fernández-García, Diego</subfield>
      <subfield code="e">author</subfield>
   </datafield>
   <datafield ind2=" " ind1=" " tag="720">
      <subfield code="a">Cardona-Díaz, Fernando</subfield>
      <subfield code="e">author</subfield>
   </datafield>
   <datafield ind2=" " ind1=" " tag="720">
      <subfield code="a">Tinahones-Madueño, Francisco José</subfield>
      <subfield code="e">author</subfield>
   </datafield>
   <datafield ind2=" " ind1=" " tag="720">
      <subfield code="a">Macías-González, Manuel</subfield>
      <subfield code="e">author</subfield>
   </datafield>
   <datafield ind2=" " ind1=" " tag="260">
      <subfield code="c">2013-05-15</subfield>
   </datafield>
   <datafield ind2=" " ind1=" " tag="520">
      <subfield code="a">Introducción: Se ha descrito que la deficiencia de vitamina D está asociada con la obesidad y la diabetes. Sin embargo, los re- sultados de los diferentes estudios no llegan a ser del todo conclu- yentes. Asimismo, se ha propuesto que la expresión del receptor de vitamina D (VDR) en el tejido adiposo está asociada con la obesidad, pero aun no se ha analizado si guarda alguna relación con la diabe- tes. Por tanto, el objetivo de este estudio fue analizar los niveles plasmáticos de vitamina D y la expresión génica del VDR en tejido adiposo de sujetos estratificados según su índice de masa corporal (IMC) y su perfil glucémico.&#xd;
Métodos: Se reclutaron 118 sujetos y se clasificaron según su IMC (delgados, sobrepeso, obesos y obesos mórbidos), y cada uno de los grupo de IMC se subdividió según su perfil glucémico en normoglucé- micos (NG) y en prediabéticos o diabéticos (P/D). Se midieron los ni- veles plasmáticos de vitamina D (25(OH)D3) y la hormona paratiroidea (PTH) así como la expresión génica en tejido adiposo visceral del VDR.&#xd;
Resultados: Se observó que los niveles plasmáticos de 25(OH) D3 estaban disminuidos en los sujetos P/D en comparación con los sujetos NG, independientemente del IMC. Los niveles plasmáticos de vitamina D correlacionaron negativamente con el HOMA-IR, la glucosa y los niveles plasmáticos de PTH. La expresión génica de VDR en tejido adiposo fue mayor en los sujetos obesos mórbidos en comparación con los otros grupos de menor IMC, pero no se obser- varon diferencias significativas entre sujetos P/D y NG.&#xd;
Conclusiones: Los niveles plasmáticos de vitamina D están dismi- nuidos en pacientes prediabéticos y diabéticos en comparación con sujetos normoglucémicos independientemente del IMC. La expre- sión génica de VDR en tejido adiposo está aumentada en pacientes obesos mórbidos, pero no está relacionada con el perfil glucémico.</subfield>
   </datafield>
   <datafield ind1="8" ind2=" " tag="024">
      <subfield code="a">Endocrinol Nutr. 2013;60(Espec Cong):26-104</subfield>
   </datafield>
   <datafield ind1="8" ind2=" " tag="024">
      <subfield code="a">https://hdl.handle.net/10630/37559</subfield>
   </datafield>
   <datafield tag="653" ind2=" " ind1=" ">
      <subfield code="a">Diabetes tipo 2</subfield>
   </datafield>
   <datafield tag="653" ind2=" " ind1=" ">
      <subfield code="a">Obesidad</subfield>
   </datafield>
   <datafield ind2="0" ind1="0" tag="245">
      <subfield code="a">Relación de la obesidad y la diabetes tipo 2 con los niveles plasmáticos de vitamina D y con la expresión génica del receptor de vitamina D en tejido adiposo.</subfield>
   </datafield>
</record>
</metadata></record></GetRecord></OAI-PMH>